Colonialidad del poder, cultura y conocimiento en América Latina /

Bewaard in:
Bibliografische gegevens
Hoofdauteur: Quijano, Aníbal
Formaat: Texto
Tags: Voeg label toe
Geen labels, Wees de eerste die dit record labelt!

MARC

LEADER 00000 a a2200000 04500
001 45033
003
040
100 |a Quijano, Aníbal  
245 |a Colonialidad del poder, cultura y conocimiento en América Latina /  |c Aníbal Quijano  
773 |g páginas 117-131  
999 |c 39002  |d 39002